<?xml version="1.0" encoding="UTF-8"?><marc:collection xmlns:marc="http://www.loc.gov/MARC21/slim">
  <marc:record>
    <marc:leader>00000nim  2200000zi 4500</marc:leader>
    <marc:controlfield tag="001">9.947494</marc:controlfield>
    <marc:controlfield tag="003">CaOODSP</marc:controlfield>
    <marc:controlfield tag="005">20250403102727</marc:controlfield>
    <marc:controlfield tag="006">m     o  h f      </marc:controlfield>
    <marc:controlfield tag="007">cr nna||||||||</marc:controlfield>
    <marc:controlfield tag="008">250129s2025    oncnnnn o      t  n fre d</marc:controlfield>
    <marc:datafield tag="033" ind1="0" ind2="0">
      <marc:subfield code="a">20250129</marc:subfield>
    </marc:datafield>
    <marc:datafield tag="040" ind1=" " ind2=" ">
      <marc:subfield code="a">CaOODSP</marc:subfield>
      <marc:subfield code="b">fre</marc:subfield>
      <marc:subfield code="e">rda</marc:subfield>
      <marc:subfield code="c">CaOODSP</marc:subfield>
    </marc:datafield>
    <marc:datafield tag="043" ind1=" " ind2=" ">
      <marc:subfield code="a">n-cn---</marc:subfield>
    </marc:datafield>
    <marc:datafield tag="086" ind1="1" ind2=" ">
      <marc:subfield code="a">CS452-00003/2024-8F-MP3</marc:subfield>
    </marc:datafield>
    <marc:datafield tag="100" ind1="1" ind2=" ">
      <marc:subfield code="a">Pinault, Lauren L.,</marc:subfield>
      <marc:subfield code="d">1983- </marc:subfield>
      <marc:subfield code="e">interviewé.</marc:subfield>
    </marc:datafield>
    <marc:datafield tag="245" ind1="1" ind2="0">
      <marc:subfield code="a">Hé-coutez bien! : </marc:subfield>
      <marc:subfield code="b">Épisode 23 - cartographie du bonheur : comment l'endroit où nous vivons influence notre bien-être.</marc:subfield>
    </marc:datafield>
    <marc:datafield tag="264" ind1=" " ind2="1">
      <marc:subfield code="a">[Ottawa] : </marc:subfield>
      <marc:subfield code="b">[Statistique Canada], </marc:subfield>
      <marc:subfield code="c">[2025]</marc:subfield>
    </marc:datafield>
    <marc:datafield tag="300" ind1=" " ind2=" ">
      <marc:subfield code="a">1 ressource en ligne (1 fichier sonore (14 min., 32 sec.))</marc:subfield>
    </marc:datafield>
    <marc:datafield tag="336" ind1=" " ind2=" ">
      <marc:subfield code="a">parole prononcée</marc:subfield>
      <marc:subfield code="b">spw</marc:subfield>
      <marc:subfield code="2">rdacontent/fre</marc:subfield>
    </marc:datafield>
    <marc:datafield tag="337" ind1=" " ind2=" ">
      <marc:subfield code="a">audio</marc:subfield>
      <marc:subfield code="b">s</marc:subfield>
      <marc:subfield code="2">rdamedia/fre</marc:subfield>
    </marc:datafield>
    <marc:datafield tag="337" ind1=" " ind2=" ">
      <marc:subfield code="a">informatique</marc:subfield>
      <marc:subfield code="b">c</marc:subfield>
      <marc:subfield code="2">rdamedia/fre</marc:subfield>
    </marc:datafield>
    <marc:datafield tag="338" ind1=" " ind2=" ">
      <marc:subfield code="a">ressource en ligne</marc:subfield>
      <marc:subfield code="b">cr</marc:subfield>
      <marc:subfield code="2">rdacarrier/fre</marc:subfield>
    </marc:datafield>
    <marc:datafield tag="344" ind1=" " ind2=" ">
      <marc:subfield code="3">Statistique Canada</marc:subfield>
      <marc:subfield code="a">numérique</marc:subfield>
      <marc:subfield code="2">rdatr</marc:subfield>
    </marc:datafield>
    <marc:datafield tag="347" ind1=" " ind2=" ">
      <marc:subfield code="3">Statistique Canada</marc:subfield>
      <marc:subfield code="a">fichier audio</marc:subfield>
      <marc:subfield code="2">rdaft</marc:subfield>
    </marc:datafield>
    <marc:datafield tag="347" ind1=" " ind2=" ">
      <marc:subfield code="3">Statistique Canada</marc:subfield>
      <marc:subfield code="b">MP3</marc:subfield>
      <marc:subfield code="c">33.2 Mo</marc:subfield>
      <marc:subfield code="f">320 kbps</marc:subfield>
    </marc:datafield>
    <marc:datafield tag="500" ind1=" " ind2=" ">
      <marc:subfield code="a">Publié aussi en anglais sous le titre : Eh sayers episode 23 - mapping happiness : how where we live impacts our well-being.</marc:subfield>
    </marc:datafield>
    <marc:datafield tag="500" ind1=" " ind2=" ">
      <marc:subfield code="a">Composante de la baladodiffusion Hé-coutez bien!</marc:subfield>
    </marc:datafield>
    <marc:datafield tag="500" ind1=" " ind2=" ">
      <marc:subfield code="a">Disponible en streaming audio ou en fichier MP3 téléchargeable.</marc:subfield>
    </marc:datafield>
    <marc:datafield tag="511" ind1="0" ind2=" ">
      <marc:subfield code="a">Annik Lepage, hôte, intervieweur.</marc:subfield>
    </marc:datafield>
    <marc:datafield tag="518" ind1=" " ind2=" ">
      <marc:subfield code="a">Diffusé initialement le 29 janvier 2025.</marc:subfield>
    </marc:datafield>
    <marc:datafield tag="520" ind1=" " ind2=" ">
      <marc:subfield code="a">« Vous n'êtes peut-être pas surpris d'apprendre que vos relations avec vos amis et votre famille influencent votre bien-être. Il en va de même pour votre santé et votre travail. Mais qu'en est-il du lieu où vous vivez ? Que vous viviez dans le centre-ville d'une grande ville, dans une ville de banlieue ou dans une communauté rurale, quel impact cela a-t-il sur votre satisfaction de vivre, votre solitude et votre sentiment d'appartenance ? Lauren Pinault, de StatCan, nous rejoint aujourd'hui au micro pour explorer comment les lieux où nous vivons influencent notre bien-être » -- Fourni par l'éditeur.</marc:subfield>
    </marc:datafield>
    <marc:datafield tag="588" ind1=" " ind2=" ">
      <marc:subfield code="a">Description basée sur la ressource en ligne; titre pris de la page Web de ressource (Statistique Canada, consulté le 29 janvier 2025).</marc:subfield>
    </marc:datafield>
    <marc:datafield tag="600" ind1="1" ind2="0">
      <marc:subfield code="a">Pinault, Lauren L.,</marc:subfield>
      <marc:subfield code="d">1983-</marc:subfield>
      <marc:subfield code="v">Entretiens.</marc:subfield>
    </marc:datafield>
    <marc:datafield tag="650" ind1=" " ind2="6">
      <marc:subfield code="a">Bien-être</marc:subfield>
      <marc:subfield code="z">Canada.</marc:subfield>
    </marc:datafield>
    <marc:datafield tag="650" ind1=" " ind2="6">
      <marc:subfield code="a">Logement et santé</marc:subfield>
      <marc:subfield code="z">Canada.</marc:subfield>
    </marc:datafield>
    <marc:datafield tag="655" ind1=" " ind2="7">
      <marc:subfield code="a">Émissions baladodiffusées</marc:subfield>
      <marc:subfield code="2">rvmgf</marc:subfield>
    </marc:datafield>
    <marc:datafield tag="655" ind1=" " ind2="7">
      <marc:subfield code="a">Interviews</marc:subfield>
      <marc:subfield code="2">rvmgf</marc:subfield>
    </marc:datafield>
    <marc:datafield tag="655" ind1=" " ind2="7">
      <marc:subfield code="a">Enregistrements sonores</marc:subfield>
      <marc:subfield code="2">rvmgf</marc:subfield>
    </marc:datafield>
    <marc:datafield tag="700" ind1="1" ind2=" ">
      <marc:subfield code="a">Lepage, Annik, </marc:subfield>
      <marc:subfield code="e">hôte, </marc:subfield>
      <marc:subfield code="e">intervieweur.</marc:subfield>
    </marc:datafield>
    <marc:datafield tag="710" ind1="2" ind2=" ">
      <marc:subfield code="a">Statistique Canada, </marc:subfield>
      <marc:subfield code="e">organisme de publication.</marc:subfield>
    </marc:datafield>
    <marc:datafield tag="775" ind1="0" ind2="8">
      <marc:subfield code="t">Eh sayers episode 23 - mapping happiness : </marc:subfield>
      <marc:subfield code="w">(CaOODSP)9.947493</marc:subfield>
    </marc:datafield>
    <marc:datafield tag="856" ind1="4" ind2="0">
      <marc:subfield code="q">MP3</marc:subfield>
      <marc:subfield code="s">33.2 Mo</marc:subfield>
      <marc:subfield code="u">https://publications.gc.ca/collections/collection_2025/statcan/45-20-0003/CS452-00003-2024-8-fra.mp3</marc:subfield>
    </marc:datafield>
    <marc:datafield tag="856" ind1="4" ind2=" ">
      <marc:subfield code="q">HTML</marc:subfield>
      <marc:subfield code="s">S.O.</marc:subfield>
      <marc:subfield code="u">https://www.statcan.gc.ca/fr/rb/balados/he-coutez-bien-ep23</marc:subfield>
    </marc:datafield>
  </marc:record>
</marc:collection>
